| 000 | 00731nam a2200217 4500 | ||
|---|---|---|---|
| 003 | OSt | ||
| 005 | 20230830083732.0 | ||
| 008 | 708 R549v | ||
| 040 | _cLado V | ||
| 082 |
_a708 _bP126n |
||
| 100 |
_9982 _aPaes, Fernando _eautor |
||
| 245 | _aNavigare Necesse/ | ||
| 260 |
_aPuerto Rico _bInstituto de Cultura Puertorriqueña _bLuigi Marrozzini Gallery _c1997 |
||
| 300 |
_a9p. _c19x25cm |
||
| 650 |
_2Tesauro de Arte & Arquitectura _aARTE _9702 |
||
| 650 |
_2Tesauro de Arte & Arquitectura _aPINTURA _9702 |
||
| 650 |
_2Tesauro de Arte & Arquitectura _aCULTURA |
||
| 650 |
_2Tesauro de Arte & Arquitectura _aHISTORIA |
||
| 651 |
_2Tesauro de Arte & Arquitectura _aPUERTO RICO |
||
| 942 |
_2ddc _c1 _h708 _iP126n _n0 |
||
| 999 |
_c4227 _d4227 |
||